[Event "Orsha 2011 Masters"]
[Site "?"]
[Date "????.??.??"]
[Round "7"]
[White "Bulanov, Dmitri"]
[Black "Tsyhanchuk, Stanislav"]
[Result "1/2-1/2"]
[WhiteElo "2358"]
[BlackElo "2340"]
[PlyCount "138"]
[EventDate "2011.01.26"]
[SourceDate "2011.01.26"]

1. e4 e5 2. Nf3 Nc6 3. Bb5 a6 4. Ba4 Nf6 5. O-O Be7 6. Re1 b5 7. Bb3 O-O 8. c3
d6 9. h3 Na5 10. Bc2 c5 11. d4 Qc7 12. Nbd2 cxd4 13. cxd4 Rd8 14. Nf1 exd4 15.
Nxd4 d5 16. e5 Ne4 17. Bf4 Bc5 18. Ne3 Qb6 19. Nf3 Be6 20. Qe2 Nc4 21. Bd3 Rac8
22. b3 Nc3 23. Qc2 Nxe3 24. Bxe3 Bxe3 25. Rxe3 g6 26. Qd2 d4 27. Ree1 Bd5 28.
Nh2 Be6 29. Qh6 Qc5 30. Nf3 Qf8 31. Qh4 h6 32. Qg3 Qg7 33. Nd2 g5 34. Nf3 Kh8
35. Kh2 a5 36. h4 g4 37. Nd2 Rc5 38. Qf4 Rdd5 39. b4 axb4 40. Nb3 Rc8 41. Nxd4
Rcd8 42. Nxe6 fxe6 43. Bc2 Rd2 44. Bb3 Ne2 45. Qf6 Rf8 46. Qxg7+ Kxg7 47. Rad1
Rb2 48. Rb1 Rxb1 49. Rxb1 Rxf2 50. Bxe6 g3+ 51. Kh3 h5 52. Bd7 Rf4 53. Bc6 Rg4
54. Rf1 Nf4+ 55. Rxf4 Rxf4 56. Bxb5 Re4 57. Kxg3 Rxe5 58. Bc4 Re4 59. Bb3 Kf6
60. Kh3 Rd4 61. g3 Rd2 62. Bc4 Ke5 63. Bf7 Kd4 64. Be6 Re2 65. Bf7 Re5 66. Kg2
Ke3 67. g4 hxg4 68. Kg3 Re7 69. Bb3 Rg7 1/2-1/2

[Event "Orsha 2011 Masters"]
[Site "?"]
[Date "????.??.??"]
[Round "8"]
[White "Duzhakov, Ilya"]
[Black "Shkuran, Daniil"]
[Result "1/2-1/2"]
[WhiteElo "2302"]
[BlackElo "2392"]
[PlyCount "26"]
[EventDate "2011.01.26"]
[SourceDate "2011.01.26"]

1. d4 d5 2. c4 c6 3. cxd5 cxd5 4. Nf3 Nf6 5. Bf4 Bf5 6. e3 e6 7. Bd3 Bxd3 8.
Qxd3 Nc6 9. O-O Bd6 10. Bxd6 Qxd6 11. Nc3 O-O 12. Rac1 Rac8 13. Ne2 Ne7 1/2-1/2

[Event "Orsha 2011 Masters"]
[Site "?"]
[Date "????.??.??"]
[Round "8"]
[White "Tsyhanchuk, Stanislav"]
[Black "Lavretzkij, Roman"]
[Result "1/2-1/2"]
[WhiteElo "2340"]
[BlackElo "2268"]
[PlyCount "23"]
[EventDate "2011.01.26"]
[SourceDate "2011.01.26"]

1. e4 e5 2. Nf3 Nc6 3. Bb5 a6 4. Ba4 Nf6 5. O-O b5 6. Bb3 Be7 7. c3 d6 8. h3
O-O 9. d4 Re8 10. Ng5 Rf8 11. Nf3 Re8 12. Ng5 1/2-1/2

[Event "Orsha 2011 Masters"]
[Site "?"]
[Date "????.??.??"]
[Round "8"]
[White "Meshkov, Yuri A"]
[Black "Mukhin, Pavel"]
[Result "1-0"]
[WhiteElo "2404"]
[BlackElo "2227"]
[PlyCount "45"]
[EventDate "2011.01.26"]
[SourceDate "2011.01.26"]

1. c4 Nf6 2. g3 e6 3. Bg2 c5 4. Nf3 Be7 5. d4 cxd4 6. Nxd4 a6 7. O-O O-O 8. b3
d6 9. Nc3 Qc7 10. Bb2 Nc6 11. Rc1 Nxd4 12. Qxd4 Rb8 13. Rfd1 Rd8 14. Qa7 Nd7
15. Na4 Nc5 16. Nxc5 dxc5 17. Rxd8+ Bxd8 18. Rd1 Be7 19. Bc3 Bd6 20. Be5 Bxe5
21. Qxb8 Kf8 22. Qxc7 Bxc7 23. Bxb7 1-0

[Event "Orsha 2011 Masters"]
[Site "?"]
[Date "????.??.??"]
[Round "8"]
[White "Leinov, Roman"]
[Black "Gorlanov, Vladislav"]
[Result "0-1"]
[WhiteElo "2177"]
[BlackElo "2259"]
[PlyCount "86"]
[EventDate "2011.01.26"]
[SourceDate "2011.01.26"]

1. c4 g6 2. g3 Bg7 3. Bg2 c5 4. Nc3 Nc6 5. Nf3 Nh6 6. e4 Ng4 7. O-O d6 8. d3
O-O 9. h3 Nge5 10. Be3 Nxf3+ 11. Qxf3 Nd4 12. Qd1 Rb8 13. Ne2 Nxe2+ 14. Qxe2 b5
15. Rab1 bxc4 16. dxc4 Be6 17. b3 a5 18. f4 a4 19. g4 axb3 20. axb3 Qa5 21. e5
dxe5 22. f5 Bd7 23. Qf2 Rbc8 24. Rfd1 Bc6 25. Bxc5 Bxg2 26. Bb6 Qb4 27. Kxg2
Rc6 28. Be3 Rb8 29. Qd2 Qxd2+ 30. Rxd2 gxf5 31. gxf5 e6 32. fxe6 Rxe6 33. b4 f5
34. Rd7 f4 35. Ba7 Rc8 36. c5 e4 37. b5 f3+ 38. Kf2 e3+ 39. Kxf3 Rf8+ 40. Kg2
Rg6+ 41. Kh1 e2 42. Rdd1 exd1=Q+ 43. Rxd1 Rf3 0-1

[Event "Orsha 2011 Masters"]
[Site "?"]
[Date "????.??.??"]
[Round "9"]
[White "Lavretzkij, Roman"]
[Black "Meshkov, Yuri A"]
[Result "1/2-1/2"]
[WhiteElo "2268"]
[BlackElo "2404"]
[PlyCount "20"]
[EventDate "2011.01.26"]
[SourceDate "2011.01.26"]

1. d4 d5 2. Nf3 Nf6 3. Bf4 c6 4. e3 Bf5 5. Bd3 Bxd3 6. Qxd3 e6 7. O-O Bd6 8.
Bxd6 Qxd6 9. c4 Nbd7 10. Nc3 O-O 1/2-1/2

[Event "Orsha 2011 Masters"]
[Site "?"]
[Date "????.??.??"]
[Round "9"]
[White "Gorlanov, Vladislav"]
[Black "Duzhakov, Ilya"]
[Result "1/2-1/2"]
[WhiteElo "2259"]
[BlackElo "2302"]
[PlyCount "26"]
[EventDate "2011.01.26"]
[SourceDate "2011.01.26"]

1. d4 d5 2. c4 c6 3. cxd5 cxd5 4. Nf3 Nf6 5. Bf4 Bf5 6. e3 a6 7. Bd3 Bxd3 8.
Qxd3 e6 9. O-O Bd6 10. Bxd6 Qxd6 11. Nc3 O-O 12. Rfc1 Rc8 13. Ne2 Nbd7 1/2-1/2

[Event "Orsha 2011 Masters"]
[Site "?"]
[Date "????.??.??"]
[Round "9"]
[White "Kiselev, Pavel"]
[Black "Tsyhanchuk, Stanislav"]
[Result "1/2-1/2"]
[WhiteElo "2157"]
[BlackElo "2340"]
[PlyCount "40"]
[EventDate "2011.01.26"]
[SourceDate "2011.01.26"]

1. e4 Nf6 2. e5 Nd5 3. d4 d6 4. Nf3 dxe5 5. dxe5 Bg4 6. c4 Nb4 7. Qxd8+ Kxd8 8.
Na3 Nd7 9. Bf4 Bxf3 10. gxf3 e6 11. Rg1 c6 12. Rd1 Kc7 13. Ke2 a5 14. Bh3 h6
15. Be3 g6 16. Rd4 Be7 17. f4 Nc5 18. Rgd1 b6 19. R1d2 Nxa2 20. Nc2 Nc1+
1/2-1/2